000 00587cam a22002053a 4500
001 44881
003 PGUSA
005 20140828084026.0
008 140212s2014||||xxu|||||s|||||000 | eng d
040 _aPGUSA
_beng
042 _adc
100 1 _aTaylor, Philip Meadows,
_d1808-1876
245 1 0 _aConfessions of a Thug
_h[electronic resource] /
_cPhilip Meadows Taylor
260 _bProject Gutenberg,
_c2014
506 _aPublic domain in the USA.
516 _aElectronic text
830 0 _aProject Gutenberg
_v44881
856 4 0 _uhttp://www.gutenberg.org/ebooks/44881
942 _cEB
999 _c274132
_d274132